000
00268nam a2200109Ia 4500
008
190914s9999||||xx |||||||||||||| ||und||
100
_a
Ray Wild
245
0
_a
Operations Management with CD-ROM
260
_a
New Jersey
_b
Thomson South
_c
1997
300
_a
604
942
_c
BK
999
_c
9485
_d
9485